自社路線と接していない孤立路線 - Statistics

General Stats
  • This quiz has been taken 692 times
  • The average score is 9 of 25
Answer Stats
事業者 路線 % Correct
西武鉄道 多摩川線
77%
名古屋鉄道 瀬戸線
57%
JR東日本 大湊線
52%
JR西日本 七尾線
52%
伊豆箱根鉄道 大雄山線
47%
近畿日本鉄道 田原本線
46%
西日本鉄道 貝塚線
45%
伊豆箱根鉄道 駿豆線
44%
関東鉄道 竜ヶ崎線
43%
JR西日本 越美北線(九頭竜線)
43%
関東鉄道 常総線
40%
弘南鉄道 大鰐線
38%
弘南鉄道 弘南線
35%
しなの鉄道 しなの鉄道線
32%
しなの鉄道 北しなの線
32%
三岐鉄道 三岐線
32%
三岐鉄道 北勢線
31%
土佐くろしお鉄道 阿佐線(ごめん・なはり線)
31%
北陸鉄道 石川線
29%
北陸鉄道 浅野川線
29%
豊橋鉄道 渥美線
23%
豊橋鉄道 東田本線(豊橋市内線)
22%
平成筑豊鉄道 門司港レトロ観光線
17%
神戸新交通 ポートアイランド線(ポートライナー)
11%
神戸新交通 六甲アイランド線(六甲ライナー)
11%
No matching quizzes found
Score Distribution
Percent of People with Each Score
Percentile by Number Answered
Your Score History
You have not taken this quiz